Statistics for 2019 NFL Draft Full 1st Round

Click here to take the quiz!

General Stats

  • This quiz has been taken 681 times
  • The average score is 16 of 32

Answer Stats

PickTeamCollegeAnswer% Correct
1Arizona CardinalsOklahomaKyler Murray
100%
2San Francisco 49ersOhio StateNick Bosa
94%
6New York GiantsDukeDaniel Jones
84%
11Cincinnati BengalsAlabamaJonah Williams
80%
3New York JetsAlabamaQuinnen Williams
80%
5Tampa Bay BuccaneersLSUDevin White
74%
7Jacksonville JaguarsKentuckyJosh Allen
72%
8Detroit LionsIowaT.J. Hockenson
69%
4Oakland RaidersClemsonClelin Ferrell
63%
10Pittsburgh Steelers (via DEN)MichiganDevin Bush
59%
9Buffalo BillsHoustonEd Oliver
58%
15Washington RedskinsOhio StateDwayne Haskins
57%
32New England PatriotsArizona StateN'Keal Harry
51%
12Green Bay PackersMichiganRashan Gary
51%
25Baltimore Ravens (via PHI)OklahomaMarquise Brown
49%
20Denver Broncos (via PIT)IowaNoah Fant
48%
24Oakland Raiders (via CHI)AlabamaJosh Jacobs
45%
13Miami DolphinsClemsonChristian Wilkins
44%
17New York Giants (via CLE)ClemsonDexter Lawrence
44%
16Carolina PanthersFlorida StateBrian Burns
43%
21Green Bay Packers (via SEA)MarylandDarnell Savage
37%
14Atlanta FalconsBoston CollegeChris Lindstrom
35%
19Tennessee TitansMississippi StateJeffery Simmons
35%
26Washington Redskins (via IND)Mississippi StateMontez Sweat
35%
30New York Giants (via SEA,GB,NO)GeorgiaDeandre Baker
33%
27Oakland Raiders (via DAL)Mississippi StateJohnathan Abram
29%
18Minnesota VikingsNC StateGarrett Bradbury
26%
22Philadelphia Eagles (via BAL)Washington StateAndre Dillard
24%
28Los Angeles ChargersNotre DameJerry Tillery
23%
23Houston TexansAlabama StateTytus Howard
23%
29Seattle Seahawks (via KC)TCUL.J. Collier
22%
31Atlanta Falcons (via LAR)WashingtonKaleb McGary
21%

Score Distribution

Percentile by Number Answered

Percent of People with Each Score

Your Score History

You have not taken this quiz